000
00246nam a22000977a 4500
999
_c
11282
_d
11282
008
190115b ||||| |||| 00| 0 eng d
020
_a
9789350637524
100
_a
Singh,etal.
_9
4217
245
_a
Mathematics-10
260
_a
New Delhi
_b
Evergreen
_c
2018